<?xml version="1.0" encoding="UTF-8"?>
<record
    xmlns:xsi="http://www.w3.org/2001/XMLSchema-instance"
    xsi:schemaLocation="http://www.loc.gov/MARC21/slim http://www.loc.gov/standards/marcxml/schema/MARC21slim.xsd"
    xmlns="http://www.loc.gov/MARC21/slim">

  <leader>00366nam a22001337a 4500</leader>
  <controlfield tag="005">20260202150344.0</controlfield>
  <datafield tag="020" ind1=" " ind2=" ">
    <subfield code="a">9789395161572</subfield>
  </datafield>
  <datafield tag="082" ind1=" " ind2=" ">
    <subfield code="a">579 ANE.A</subfield>
  </datafield>
  <datafield tag="100" ind1=" " ind2=" ">
    <subfield code="a">Aneja K.R.</subfield>
    <subfield code="9">9055</subfield>
  </datafield>
  <datafield tag="245" ind1=" " ind2=" ">
    <subfield code="a">A textbook of basic and applied microbiology /</subfield>
  </datafield>
  <datafield tag="260" ind1=" " ind2=" ">
    <subfield code="a">New Delhi:</subfield>
    <subfield code="b">New age international (P) limited, publishers</subfield>
    <subfield code="c">c2024</subfield>
  </datafield>
  <datafield tag="300" ind1=" " ind2=" ">
    <subfield code="a">774 p.</subfield>
  </datafield>
  <datafield tag="942" ind1=" " ind2=" ">
    <subfield code="2">ddc</subfield>
    <subfield code="c">BK</subfield>
  </datafield>
  <datafield tag="999" ind1=" " ind2=" ">
    <subfield code="c">755667</subfield>
    <subfield code="d">755667</subfield>
  </datafield>
  <datafield tag="952" ind1=" " ind2=" ">
    <subfield code="0">0</subfield>
    <subfield code="1">0</subfield>
    <subfield code="2">ddc</subfield>
    <subfield code="4">0</subfield>
    <subfield code="7">0</subfield>
    <subfield code="a">BOT</subfield>
    <subfield code="b">BOT</subfield>
    <subfield code="c">Gift</subfield>
    <subfield code="d">2026-02-02</subfield>
    <subfield code="l">1</subfield>
    <subfield code="o">579 ANE.A</subfield>
    <subfield code="p">BOTG95</subfield>
    <subfield code="r">2026-05-25 12:16:03</subfield>
    <subfield code="s">2026-03-25</subfield>
    <subfield code="w">2026-02-02</subfield>
    <subfield code="y">BK</subfield>
  </datafield>
</record>
